Beastars Character Quiz - Statistics

General Stats
  • This quiz has been taken 103 times
    84 since last reset
  • The average score is 21 of 42
Answer Stats
Picture Answer % Correct
Legoshi / Legosi
98%
Haru
96%
Louis / Rouis
96%
Jack
93%
Melon
93%
Riz
91%
Juno
89%
Gohin
78%
Pina
78%
Yahya
74%
Bill
70%
Tem
70%
Seven / Sebun
63%
Gosha
59%
Ibuki
56%
Els
50%
Free
44%
Sagwan
43%
Tao
43%
Aoba
41%
Collot
39%
Voss
39%
Agata
37%
Leano
37%
Dom
35%
Sheila
35%
Legom
33%
Miguno
33%
Durham
31%
Kai
31%
Kibi
31%
Kyuu
28%
Chief Lion
26%
Mizuchi
26%
Miyagi
22%
Rokume
22%
San
22%
Toki
22%
Zoe
22%
Dolph
19%
Fudge
19%
Sanu
17%
No matching quizzes found
Score Distribution
Percent of People with Each Score
Percentile by Number Answered
Your Score History
You have not taken this quiz since the last reset